[Event "XX Weekend B"]
[Site "Ceriano Laghetto ITA"]
[Date "2011.04.03"]
[Round "4"]
[White "Moroni, Luca jr"]
[Black "Mancin, Mariano"]
[Result "1-0"]
[WhiteElo "1815"]
[BlackElo "1907"]
[PlyCount "119"]
[EventDate "2011.04.01"]

1. e4 g6 2. d4 Bg7 3. Nc3 d6 4. f4 a6 5. Nf3 b5 6. Bd3 Nd7 7. e5 c5 8. Be4 Rb8
9. O-O cxd4 10. Qxd4 Bb7 11. Be3 Bxe4 12. Qxe4 dxe5 13. fxe5 e6 14. Rad1 Qc8
15. Qd4 Ne7 16. Ne4 Nf5 17. Nd6+ Nxd6 18. Qxd6 Bf8 19. Qd2 Bc5 20. Bxc5 Qxc5+
21. Qd4 O-O 22. Qxc5 Nxc5 23. Rd4 Rfd8 24. c3 h6 25. Rfd1 Nb7 26. R1d3 Kf8 27.
Nd2 Ke7 28. Ne4 Rd5 29. Rxd5 exd5 30. Rxd5 Ke6 31. Rd4 Kxe5 32. Nf2 Rd8 33.
Nd3+ Kf6 34. Rxd8 Nxd8 35. Kf2 Nb7 36. Ke3 Ke6 37. Kd4 f5 38. Nf4+ Kf6 39. Nd5+
Kg5 40. Nc7 Kg4 41. Nxa6 h5 42. Nc7 f4 43. Nxb5 h4 44. b4 f3 45. gxf3+ Kh3 46.
Ke3 Kxh2 47. Kf2 h3 48. a4 g5 49. Nd4 g4 50. fxg4 Kh1 51. Ne2 Nd6 52. Ng3+ Kh2
53. Nf1+ Kh1 54. Kg3 h2 55. Nxh2 Ne4+ 56. Kf4 Nxc3 57. Nf3 Nd5+ 58. Ke5 Nxb4
59. g5 Nc6+ 60. Kd5 1-0

[Event "XX Weekend B"]
[Site "Ceriano Laghetto ITA"]
[Date "2011.04.03"]
[Round "4"]
[White "Pandini, Giuseppe"]
[Black "Megassini, Stefano"]
[Result "1-0"]
[WhiteElo "1753"]
[BlackElo "1814"]
[PlyCount "55"]
[EventDate "2011.04.01"]

1. f4 b6 2. Nf3 Bb7 3. e3 e6 4. b3 Nf6 5. Bb2 d5 6. Be2 Bd6 7. O-O c5 8. Ne5
Nbd7 9. Bf3 Qc7 10. d4 cxd4 11. exd4 Rc8 12. c3 Ne4 13. Bxe4 dxe4 14. Nd2 f6
15. Qh5+ g6 16. Nxg6 Rg8 17. Ne5+ Kd8 18. Nf7+ Ke7 19. Nxd6 Rxg2+ 20. Kxg2 Rg8+
21. Kh3 Qxd6 22. Qxh7+ Kf8 23. Nc4 Qd5 24. Ba3+ Nc5 25. Ne3 Qc6 26. dxc5 bxc5
27. Rad1 Qc8 28. Bxc5+ 1-0

[Event "XX Weekend B"]
[Site "Ceriano Laghetto ITA"]
[Date "2011.04.03"]
[Round "4"]
[White "Ranfagni, Stefano"]
[Black "Guzzetti, Luigi Enrico"]
[Result "1/2-1/2"]
[WhiteElo "1965"]
[BlackElo "1908"]
[PlyCount "129"]
[EventDate "2011.04.01"]

1. e4 c5 2. Nc3 e6 3. g3 Nc6 4. Bg2 Nf6 5. d3 a6 6. a4 Be7 7. h3 Qc7 8. Be3 d6
9. Nge2 Bd7 10. O-O O-O 11. f4 d5 12. exd5 exd5 13. d4 cxd4 14. Nxd4 Rfe8 15.
Bf2 Rad8 16. Kh2 Nxd4 17. Bxd4 Bc6 18. a5 Qb8 19. Re1 Qd6 20. Be5 Qb4 21. Qd3
Ne4 22. Ne2 Bb5 23. Qd4 f6 24. Bc7 Rd7 25. Bb6 Rc8 26. Qxb4 Bxb4 27. c3 Bc5 28.
Bxc5 Nxc5 29. Nd4 Bc4 30. h4 Rcc7 31. Re3 Re7 32. Rae1 Kf7 33. Bf3 g6 34. Bd1
Nd3 35. Rxe7+ Rxe7 36. Rxe7+ Kxe7 37. b3 Bb5 38. Be2 Nc1 39. Bxb5 axb5 40. b4
Kd7 41. Nxb5 Na2 42. Kg2 Kc6 43. Nd4+ Kd6 44. Ne2 Kc6 45. Kf3 Kb5 46. Ke3 Kc4
47. b5 Kxb5 48. Kd3 Kc5 49. Kc2 Kc4 50. Kb2 Kd3 51. f5 Kxe2 52. fxg6 hxg6 53.
g4 f5 54. h5 gxh5 55. gxh5 f4 56. h6 f3 57. h7 f2 58. h8=Q f1=Q 59. Qe5+ Kf2
60. Qd4+ Ke1 61. Kxa2 Qc4+ 62. Ka3 Ke2 63. Qxc4+ dxc4 64. Kb4 Kd3 65. Kc5
1/2-1/2

[Event "XX Weekend B"]
[Site "Ceriano Laghetto ITA"]
[Date "2011.04.03"]
[Round "4"]
[White "Regorda, Vittorio"]
[Black "Monticelli, Francesco"]
[Result "1-0"]
[WhiteElo "1884"]
[BlackElo "1672"]
[PlyCount "71"]
[EventDate "2011.04.01"]

1. d4 Nf6 2. c4 e5 3. Bg5 exd4 4. Qxd4 Be7 5. Nf3 Nc6 6. Qh4 h6 7. Nbd2 d5 8.
e3 Be6 9. O-O-O Qd6 10. Nb3 Qb4 11. cxd5 Qxh4 12. Bxh4 Bxd5 13. Bxf6 Bxb3 14.
Bxg7 Bxd1 15. Bxh8 Bxf3 16. gxf3 O-O-O 17. Bh3+ Kb8 18. Bc3 Bb4 19. Rd1 Rxd1+
20. Kxd1 Bxc3 21. bxc3 Ne5 22. Ke2 c6 23. f4 Ng6 24. Kf3 Kc7 25. Kg4 Ne7 26.
Kh5 Ng8 27. Bf5 Kd6 28. Bh7 Nf6+ 29. Kxh6 Ng4+ 30. Kg7 Nxh2 31. Kxf7 Ng4 32. e4
a5 33. f3 Ne3 34. e5+ Kc5 35. Be4 Nc4 36. Ke6 1-0

[Event "XX Weekend B"]
[Site "Ceriano Laghetto ITA"]
[Date "2011.04.03"]
[Round "4"]
[White "Rossi, Giampiero"]
[Black "Primerano, Carlo"]
[Result "1-0"]
[WhiteElo "1954"]
[BlackElo "1750"]
[PlyCount "47"]
[EventDate "2011.04.01"]

1. d4 Nf6 2. c4 e6 3. Nc3 Bb4 4. Qc2 O-O 5. a3 Bxc3+ 6. Qxc3 b6 7. Bg5 Bb7 8.
f3 d5 9. cxd5 exd5 10. e3 Nbd7 11. Bd3 h6 12. Bh4 Re8 13. Ne2 c5 14. O-O g5 15.
Bf2 cxd4 16. exd4 Rc8 17. Qd2 Nf8 18. Rac1 Qe7 19. Ng3 Rxc1 20. Rxc1 N8d7 21.
Nf5 Qf8 22. Bg3 Rc8 23. Rxc8 Qxc8 24. Ne7+ 1-0

[Event "XX Weekend B"]
[Site "Ceriano Laghetto ITA"]
[Date "2011.04.03"]
[Round "4"]
[White "Schingaro, Angelo"]
[Black "Ferraris, Fulvio"]
[Result "1-0"]
[WhiteElo "1718"]
[BlackElo "1719"]
[PlyCount "115"]
[EventDate "2011.04.01"]

1. e4 e6 2. d4 d5 3. Nc3 Bb4 4. e5 c5 5. a3 Bxc3+ 6. bxc3 c4 7. f4 Nc6 8. Nf3
Nge7 9. a4 Qa5 10. Qd2 Bd7 11. Be2 h6 12. O-O O-O-O 13. Ba3 Rdg8 14. Rab1 Qd8
15. Qc1 Na5 16. Qb2 Kb8 17. Bd6+ Ka8 18. Qa3 Nec6 19. Rb5 g5 20. f5 g4 21. Nd2
exf5 22. Rxd5 f4 23. Bxc4 Nxc4 24. Nxc4 Be6 25. Rc5 f3 26. a5 Bxc4 27. Rxc4 Qg5
28. Qc1 Qxc1 29. Rxc1 Nxa5 30. Rc7 Rc8 31. Rf1 fxg2 32. Rfxf7 h5 33. Kxg2 Rxc7
34. Rxc7 b5 35. e6 Nc4 36. Bc5 Ne3+ 37. Kf2 Nd1+ 38. Kg3 Nxc3 39. Rxa7+ Kb8 40.
Rf7 Re8 41. e7 Kc7 42. Kh4 Ne4 43. Rf8 Kd7 44. Rxe8 Kxe8 45. Kxh5 g3 46. hxg3
Nxg3+ 47. Kg4 Ne4 48. Kf5 Nxc5 49. dxc5 Kxe7 50. Ke5 Kd7 51. Kd5 Kc7 52. c3 Kb7
53. c6+ Kc7 54. Kc5 Kc8 55. Kxb5 Kc7 56. Kc5 Kb8 57. Kd6 Kc8 58. c7 1-0

[Event "XX Weekend B"]
[Site "Ceriano Laghetto ITA"]
[Date "2011.04.03"]
[Round "4"]
[White "Viale, Fabio"]
[Black "Silini, Bruno"]
[Result "1-0"]
[WhiteElo "1810"]
[BlackElo "1661"]
[PlyCount "71"]
[EventDate "2011.04.01"]

1. d4 Nf6 2. c4 g6 3. Nc3 Bg7 4. Nf3 e6 5. e4 d5 6. e5 Nfd7 7. cxd5 Nb6 8. Bb5+
c6 9. dxc6 Nxc6 10. O-O O-O 11. Ne4 Bd7 12. Bg5 Qb8 13. Rc1 a6 14. Bxc6 Bxc6
15. Nf6+ Kh8 16. Qd2 Qa7 17. Qf4 Nd5 18. Qh4 h5 19. g4 Nf4 20. Bxf4 Bxf3 21.
gxh5 Bxh5 22. Nxh5 gxh5 23. Qxh5+ Kg8 24. Be3 b5 25. Qf3 f6 26. Qh5 Qb7 27. f3
fxe5 28. dxe5 Rf5 29. Qg4 Raf8 30. f4 Kf7 31. Qg2 Qb8 32. Qc6 Bxe5 33. Qd7+ Kf6
34. fxe5+ Qxe5 35. Rxf5+ exf5 36. Rc6+ 1-0

[Event "XX Weekend B"]
[Site "Ceriano Laghetto ITA"]
[Date "2011.04.03"]
[Round "4"]
[White "Vuckovic, Dimitrije"]
[Black "Visigalli, Cesare"]
[Result "1/2-1/2"]
[WhiteElo "1615"]
[BlackElo "1798"]
[PlyCount "50"]
[EventDate "2011.04.01"]

1. Nf3 Nf6 2. c4 c5 3. Nc3 Nc6 4. d4 cxd4 5. Nxd4 Nxd4 6. Qxd4 e6 7. g3 Bb4 8.
Bd2 a6 9. Bg2 d5 10. O-O Bxc3 11. Bxc3 Qc7 12. b3 Rb8 13. Rad1 Ke7 14. Qf4 e5
15. Qd2 Rd8 16. h3 b6 17. Rfe1 Bb7 18. e4 h6 19. Re3 g5 20. Qe2 a5 21. a4 Qc5
22. Red3 Qc6 23. Re3 Qc5 24. Red3 Qc6 25. Re3 Qc5 1/2-1/2

[Event "XX Weekend B"]
[Site "Ceriano Laghetto ITA"]
[Date "2011.04.04"]
[Round "5"]
[White "Brioschi, Camillo"]
[Black "Brigatti, Lorenzo"]
[Result "1/2-1/2"]
[WhiteElo "1853"]
[BlackElo "1830"]
[PlyCount "78"]
[EventDate "2011.04.01"]

1. d4 Nf6 2. c4 e6 3. Nc3 Bb4 4. e3 d5 5. a3 Bxc3+ 6. bxc3 O-O 7. cxd5 exd5 8.
Bd3 c5 9. Ne2 b6 10. Ng3 Re8 11. O-O Bb7 12. f3 Nc6 13. Qd2 Na5 14. Qf2 Nb3 15.
Rb1 Nxc1 16. Rfxc1 cxd4 17. cxd4 Rc8 18. Nf5 Rxc1+ 19. Rxc1 g6 20. Nh6+ Kg7 21.
Ng4 Nxg4 22. fxg4 Qe7 23. Re1 Qxa3 24. Bb5 Re6 25. g5 Qe7 26. h4 a6 27. Bd3 f6
28. Qg3 b5 29. gxf6+ Rxf6 30. Rc1 Rc6 31. Rf1 b4 32. h5 b3 33. hxg6 hxg6 34.
Kf2 Rf6+ 35. Ke2 Rxf1 36. Kxf1 Qf7+ 37. Ke2 a5 38. Qe5+ Kh7 39. Qh5+ Kg7
1/2-1/2

[Event "XX Weekend B"]
[Site "Ceriano Laghetto ITA"]
[Date "2011.04.04"]
[Round "5"]
[White "Casonato, Mattias"]
[Black "Bertamini, Alberto"]
[Result "0-1"]
[WhiteElo "1581"]
[BlackElo "1692"]
[PlyCount "72"]
[EventDate "2011.04.01"]

1. Nf3 d5 2. b3 Nc6 3. Bb2 Bf5 4. c3 e6 5. d4 Bd6 6. Ba3 Nf6 7. g3 Ne4 8. Bxd6
Qxd6 9. Bg2 Ne7 10. Qc1 c5 11. O-O Rc8 12. Ne5 cxd4 13. Bxe4 Qxe5 14. Bxf5 Nxf5
15. c4 dxc4 16. bxc4 d3 17. Qc3 Qxc3 18. Nxc3 dxe2 19. Nxe2 Rxc4 20. Rfc1 Rxc1+
21. Rxc1 Kd7 22. Nf4 Rc8 23. Rxc8 Kxc8 24. Kf1 Kd7 25. Ke2 Kd6 26. Kd3 f6 27.
h4 e5 28. Ne2 g5 29. hxg5 fxg5 30. Ke4 Ke6 31. Nc3 Nd6+ 32. Kf3 h5 33. Na4 b5
34. Nc5+ Kf5 35. Nd7 e4+ 36. Kg2 g4 0-1

[Event "XX Weekend B"]
[Site "Ceriano Laghetto ITA"]
[Date "2011.04.04"]
[Round "5"]
[White "Colombo, Luca"]
[Black "Regorda, Vittorio"]
[Result "1-0"]
[WhiteElo "1855"]
[BlackElo "1884"]
[PlyCount "80"]
[EventDate "2011.04.01"]

1. e4 e5 2. Nc3 Nf6 3. d3 d6 4. g3 Be7 5. Bg2 Nc6 6. Nge2 Be6 7. O-O Qd7 8. f4
Bh3 9. f5 Bxg2 10. Kxg2 O-O-O 11. Bg5 h6 12. Bxf6 Bxf6 13. Nd5 Rdg8 14. Nec3 h5
15. Qf3 Nd4 16. Qf2 Kb8 17. Nd1 h4 18. g4 h3+ 19. Kh1 Bh4 20. Qd2 c6 21. N5e3
Bg5 22. c3 Nb5 23. Qe2 Bf4 24. Rf3 Rh4 25. Nf2 Rgh8 26. Nf1 Qd8 27. Ng3 Qg5 28.
Rg1 g6 29. Qd1 Be3 30. Nf1 Bf4 31. a4 Nc7 32. d4 Qe7 33. Nd3 g5 34. Nf2 Ne8 35.
Qd3 Nf6 36. Ne3 Nd7 37. b4 f6 38. d5 cxd5 39. exd5 Rc8 40. a5 Rhh8 1-0

[Event "XX Weekend B"]
[Site "Ceriano Laghetto ITA"]
[Date "2011.04.04"]
[Round "5"]
[White "Ferraris, Fulvio"]
[Black "Madaschi, Sergio"]
[Result "1-0"]
[WhiteElo "1719"]
[BlackElo "1620"]
[PlyCount "93"]
[EventDate "2011.04.01"]

1. d4 Nf6 2. c4 e6 3. Nf3 b6 4. Bg5 Be7 5. Nc3 Bb7 6. e3 d5 7. Bxf6 Bxf6 8.
cxd5 exd5 9. Bd3 Nd7 10. Qc2 g6 11. h4 c5 12. h5 c4 13. Be2 a6 14. hxg6 fxg6
15. e4 dxe4 16. Nxe4 Be7 17. Kf1 Rc8 18. Re1 b5 19. Ne5 Nf8 20. Rd1 Qd5 21. Bf3
Qe6 22. Bg4 Qd5 23. Bxc8 Bxc8 24. Nc3 Qd6 25. Qe4 Bf5 26. Qa8+ Bd8 27. Qc6+
Qxc6 28. Nxc6 Bd3+ 29. Kg1 Nd7 30. Rh3 Kf7 31. Nxd8+ Rxd8 32. Rxh7+ Kf6 33.
Nd5+ Kg5 34. f4+ Kg4 35. Rxd7 Rxd7 36. Nf6+ Kxf4 37. Nxd7 Ke4 38. Nc5+ Kxd4 39.
Nxa6 Ke3 40. Nc7 Ke2 41. Rf1 Kd2 42. Rf2+ Kc1 43. Nxb5 c3 44. Nxc3 Bc2 45.
Rxc2+ Kxc2 46. a4 Kxb2 47. Ne4 1-0

[Event "XX Weekend B"]
[Site "Ceriano Laghetto ITA"]
[Date "2011.04.04"]
[Round "5"]
[White "Guzzetti, Luigi Enrico"]
[Black "Monjac, Mislav"]
[Result "0-1"]
[WhiteElo "1908"]
[BlackElo "1982"]
[PlyCount "58"]
[EventDate "2011.04.01"]

1. e4 c5 2. Nf3 d6 3. d4 cxd4 4. Nxd4 Nf6 5. Nc3 Nc6 6. Be2 g6 7. Be3 Bg7 8.
O-O O-O 9. Qd2 Ng4 10. Bxg4 Bxg4 11. f3 Bd7 12. Rfd1 Rc8 13. Nce2 a6 14. c4
Nxd4 15. Bxd4 Rxc4 16. Bxg7 Kxg7 17. b3 Qb6+ 18. Kh1 Rc7 19. Nf4 Be6 20. Qe1
Qb5 21. Qg3 Qe5 22. Re1 Rfc8 23. h4 Rc2 24. h5 Rd2 25. Nxe6+ Qxe6 26. h6+ Kg8
27. Qg5 Rcc2 28. Qa5 Qc8 29. Rg1 Qh3+ 0-1

[Event "XX Weekend B"]
[Site "Ceriano Laghetto ITA"]
[Date "2011.04.04"]
[Round "5"]
[White "Losi, Enrico"]
[Black "Falchi, Claudio"]
[Result "1/2-1/2"]
[WhiteElo "1634"]
[BlackElo "1737"]
[PlyCount "73"]
[EventDate "2011.04.01"]

1. e4 e6 2. d3 d5 3. Nd2 c5 4. Ngf3 Nf6 5. g3 Be7 6. Bg2 Nc6 7. O-O b5 8. Re1
a5 9. e5 Nd7 10. Nf1 Ba6 11. h4 Qb6 12. Bf4 a4 13. a3 Bb7 14. Ne3 b4 15. Qe2 b3
16. c4 Nd4 17. Nxd4 cxd4 18. Nf1 dxc4 19. dxc4 Bxg2 20. Kxg2 O-O 21. Qg4 Rfc8
22. Nd2 Nc5 23. Bh6 Bf8 24. Ne4 Nxe4 25. Rxe4 Rxc4 26. h5 Kh8 27. Be3 Qc6 28.
Kh3 Rc8 29. Rxd4 Rxd4 30. Bxd4 Qc4 31. Bc3 Qxg4+ 32. Kxg4 h6 33. f4 Be7 34. Kf3
Kg8 35. Rd1 Bxa3 36. Ke2 Kf8 37. Ra1 1/2-1/2

[Event "XX Weekend B"]
[Site "Ceriano Laghetto ITA"]
[Date "2011.04.04"]
[Round "5"]
[White "Mancin, Mariano"]
[Black "Schingaro, Angelo"]
[Result "1-0"]
[WhiteElo "1907"]
[BlackElo "1718"]
[PlyCount "31"]
[EventDate "2011.04.01"]

1. e4 c5 2. Nc3 Nc6 3. f4 d6 4. Nf3 g6 5. Bb5 Bd7 6. d3 Bg7 7. O-O a6 8. Bxc6
Bxc6 9. Qe1 e6 10. f5 Nf6 11. Qh4 Nh5 12. Qxd8+ Rxd8 13. fxe6 fxe6 14. Ng5 Bd7
15. Nf7 Ke7 16. Bg5+ 1-0

[Event "XX Weekend B"]
[Site "Ceriano Laghetto ITA"]
[Date "2011.04.04"]
[Round "5"]
[White "Marchini, Daniele"]
[Black "Alberio, Silvio"]
[Result "1-0"]
[WhiteElo "1809"]
[BlackElo "1821"]
[PlyCount "60"]
[EventDate "2011.04.01"]

1. d4 Nf6 2. c4 g6 3. Nc3 d5 4. cxd5 Nxd5 5. e4 Nxc3 6. bxc3 Bg7 7. Bc4 c5 8.
Ne2 O-O 9. O-O Nc6 10. Be3 cxd4 11. cxd4 Na5 12. Bd3 b6 13. Rc1 Bb7 14. Qd2 Qd7
15. Bh6 Nc6 16. Bxg7 Kxg7 17. Bc4 Na5 18. Bd3 Rac8 19. f3 Nc6 20. Bb1 Ba6 21.
d5 Kg8 22. Rfd1 Ne5 23. Nf4 Nc4 24. Qe2 Qd6 25. Bd3 Qxf4 26. Bxc4 Bxc4 27. Rxc4
b5 28. Rxc8 Rxc8 29. Qxb5 Qe3+ 30. Kh1 Rc1 1-0

[Event "XX Weekend B"]
[Site "Ceriano Laghetto ITA"]
[Date "2011.04.04"]
[Round "5"]
[White "Mazzoccoli, Simone"]
[Black "Conta, Diego"]
[Result "1-0"]
[WhiteElo "1728"]
[BlackElo "1688"]
[PlyCount "103"]
[EventDate "2011.04.01"]

1. e4 c5 2. Nc3 Nc6 3. g3 Nf6 4. Bg2 g6 5. d3 d6 6. Nge2 Bg7 7. O-O O-O 8. h3
Bd7 9. Be3 Qc8 10. Kh2 Rb8 11. a4 a6 12. Qd2 Ne8 13. d4 cxd4 14. Nxd4 Ne5 15.
Nd5 Qd8 16. Qe2 Nc6 17. c3 e6 18. Nxc6 Bxc6 19. Nb4 Bd7 20. Rfd1 a5 21. Nd3 Bc6
22. Qc2 Nf6 23. Ne5 Qc7 24. Nc4 Bxe4 25. Bxe4 Qxc4 26. Bg2 Qc7 27. Rd3 Rfd8 28.
Rad1 Ne8 29. f4 f5 30. Qf2 b6 31. Qg1 d5 32. Re1 Nf6 33. Qf2 Ne4 34. Qc2 d4 35.
Bg1 Qc6 36. c4 b5 37. axb5 Rxb5 38. Qa4 Rc5 39. Qxc6 Rxc6 40. b3 Rc5 41. Bxe4
fxe4 42. Rxe4 Kf7 43. Bxd4 Bxd4 44. Rexd4 Rxd4 45. Rxd4 Ke7 46. Kg2 e5 47. Re4
Kd6 48. fxe5+ Rxe5 49. Rxe5 Kxe5 50. Kf3 Kd4 51. Kf4 Kc3 52. c5 1-0

[Event "XX Weekend B"]
[Site "Ceriano Laghetto ITA"]
[Date "2011.04.04"]
[Round "5"]
[White "Megassini, Stefano"]
[Black "Canciani, Alberto"]
[Result "0-1"]
[WhiteElo "1814"]
[BlackElo "1601"]
[PlyCount "32"]
[EventDate "2011.04.01"]

1. d4 e6 2. Nf3 c5 3. c3 Qc7 4. e4 b6 5. Bd3 d6 6. O-O Nd7 7. Re1 Ngf6 8. e5
dxe5 9. dxe5 Nd5 10. Qc2 g6 11. Be4 Bb7 12. Bxd5 Bxd5 13. Re3 Bb7 14. c4 Bxf3
15. Rxf3 Nxe5 16. Bf4 Nxf3+ 0-1

[Event "XX Weekend B"]
[Site "Ceriano Laghetto ITA"]
[Date "2011.04.04"]
[Round "5"]
[White "Miracola, Massimiliano"]
[Black "Coppola, Federico"]
[Result "1/2-1/2"]
[WhiteElo "1929"]
[BlackElo "1749"]
[PlyCount "119"]
[EventDate "2011.04.01"]

1. e4 c5 2. Nf3 d6 3. d4 cxd4 4. Nxd4 Nf6 5. Nc3 g6 6. Be3 Bg7 7. f3 O-O 8. Qd2
Nc6 9. O-O-O d5 10. exd5 Nxd5 11. Nxc6 bxc6 12. Bd4 Nxc3 13. Qxc3 Bh6+ 14. Be3
Bxe3+ 15. Qxe3 Qb6 16. Qxe7 Be6 17. Qa3 Rad8 18. Bd3 Rd5 19. Rhe1 Ra5 20. Qc3
Rxa2 21. b3 Ra5 22. Kb2 Rc5 23. Qf6 Qd8 24. Qxd8 Rxd8 25. Ra1 a5 26. g4 Kf8 27.
Ra4 h5 28. h3 hxg4 29. hxg4 Kg7 30. Rea1 Ra8 31. R1a3 f5 32. g5 f4 33. Rxf4
Rxg5 34. Rfa4 Kf6 35. Kc1 Bd5 36. c4 Bxf3 37. Ra2 Rg1+ 38. Kd2 Rg2+ 39. Ke3
Rxa2 40. Rxa2 Bg4 41. Rf2+ Bf5 42. Bxf5 gxf5 43. Ra2 Ke5 44. Ra1 Ra6 45. b4 a4
46. b5 cxb5 47. cxb5 Rb6 48. Rxa4 Rxb5 49. Ra3 Kf6 50. Kf4 Rb4+ 51. Kf3 Kg5 52.
Kg3 Rg4+ 53. Kf3 Rh4 54. Kg3 f4+ 55. Kf2 Kg4 56. Kg2 Rh6 57. Rb3 Rc6 58. Ra3
Rc2+ 59. Kf1 f3 60. Ra8 1/2-1/2

[Event "XX Weekend B"]
[Site "Ceriano Laghetto ITA"]
[Date "2011.04.04"]
[Round "5"]
[White "Monticelli, Francesco"]
[Black "Mason, Giovanni"]
[Result "0-1"]
[WhiteElo "1672"]
[BlackElo "1730"]
[PlyCount "34"]
[EventDate "2011.04.01"]

1. e4 c5 2. Nf3 Nc6 3. d4 cxd4 4. Nxd4 d6 5. Nc3 a6 6. Be2 g6 7. Be3 Bg7 8.
Nxc6 bxc6 9. Bd4 e5 10. Be3 Ne7 11. Qd2 f5 12. Bg5 h6 13. Bxe7 Qxe7 14. Rd1 Bf8
15. Bf3 f4 16. Qe2 Bb7 17. h4 a5 0-1

[Event "XX Weekend B"]
[Site "Ceriano Laghetto ITA"]
[Date "2011.04.04"]
[Round "5"]
[White "Moroni, Luca jr"]
[Black "Rossi, Giampiero"]
[Result "1/2-1/2"]
[WhiteElo "1815"]
[BlackElo "1954"]
[PlyCount "89"]
[EventDate "2011.04.01"]

1. e4 c5 2. Nf3 e6 3. d4 cxd4 4. Nxd4 a6 5. Nc3 Qc7 6. Be2 Nf6 7. O-O Be7 8.
Be3 O-O 9. f4 d6 10. Qe1 Bd7 11. Qg3 Nc6 12. Kh1 Rfc8 13. Rad1 b5 14. a3 b4 15.
axb4 Nxb4 16. Bf3 Rab8 17. e5 Ne8 18. Rb1 g6 19. Rfd1 Ng7 20. Rd2 d5 21. h3 Bc5
22. Qf2 Bxd4 23. Bxd4 Nf5 24. g4 Nxd4 25. Qxd4 Qc4 26. Bd1 Qxd4 27. Rxd4 Nc6
28. Rd2 Nxe5 29. fxe5 Rxc3 30. Kg2 Re3 31. Re2 Rxe2+ 32. Bxe2 Bb5 33. Bxb5 Rxb5
34. c3 Rb3 35. Kf2 a5 36. Ke3 a4 37. Kd2 a3 38. Kc2 Rxb2+ 39. Rxb2 axb2 40.
Kxb2 Kf8 41. g5 Ke7 42. c4 dxc4 43. Kc3 Kd7 44. Kxc4 Kc6 45. h4 1/2-1/2

[Event "XX Weekend B"]
[Site "Ceriano Laghetto ITA"]
[Date "2011.04.04"]
[Round "5"]
[White "Pace, Roberto"]
[Black "Burani, Eugenio"]
[Result "1-0"]
[WhiteElo "1981"]
[BlackElo "1901"]
[PlyCount "75"]
[EventDate "2011.04.01"]

1. e4 c5 2. Nf3 Nf6 3. Nc3 Nc6 4. d4 cxd4 5. Nxd4 e5 6. Ndb5 d6 7. Bg5 a6 8.
Na3 b5 9. Nd5 Be7 10. Bxf6 Bxf6 11. c3 Bb7 12. Nc2 Bg5 13. Qg4 O-O 14. Bd3 Bc8
15. Qe2 Ne7 16. Nxe7+ Qxe7 17. Nb4 Be6 18. O-O Rfc8 19. Rfd1 Qb7 20. Bc2 Be7
21. Bb3 Bc4 22. Qe3 Qa7 23. Qxa7 Rxa7 24. Bxc4 Rxc4 25. f3 a5 26. Nd5 Kf8 27.
Kf2 f6 28. Ke3 Kf7 29. b3 Rc6 30. Kd3 Bd8 31. a4 b4 32. cxb4 axb4 33. Rdc1 Rxc1
34. Rxc1 Ke6 35. Rc4 Ba5 36. Rc8 Rb7 37. Re8+ Kf7 38. Rc8 1-0

[Event "XX Weekend B"]
[Site "Ceriano Laghetto ITA"]
[Date "2011.04.04"]
[Round "5"]
[White "Paganini, Andrea"]
[Black "Ranfagni, Stefano"]
[Result "0-1"]
[WhiteElo "1844"]
[BlackElo "1965"]
[PlyCount "48"]
[EventDate "2011.04.01"]

1. e4 c5 2. d4 cxd4 3. c3 dxc3 4. Nxc3 Nc6 5. Nf3 d6 6. Bc4 Nf6 7. e5 dxe5 8.
Qxd8+ Kxd8 9. Ng5 Na5 10. Nxf7+ Kc7 11. Nb5+ Kb8 12. Nxh8 Nxc4 13. Nf7 a6 14.
Nc3 Be6 15. Ng5 Bg8 16. O-O h6 17. Nf3 e4 18. Nd4 e5 19. Nf5 Be6 20. Ne3 Kc7
21. Nxc4 Bxc4 22. Rd1 Bd6 23. Be3 Ng4 24. Rac1 Nxe3 0-1

[Event "XX Weekend B"]
[Site "Ceriano Laghetto ITA"]
[Date "2011.04.04"]
[Round "5"]
[White "Regorda, Massimiliano"]
[Black "Carletti, Davide M."]
[Result "1-0"]
[WhiteElo "1881"]
[BlackElo "1723"]
[PlyCount "73"]
[EventDate "2011.04.01"]

1. e4 e5 2. Nf3 Nc6 3. d4 exd4 4. Bc4 Bc5 5. Ng5 Nh6 6. Nxf7 Nxf7 7. Bxf7+ Kxf7
8. Qh5+ g6 9. Qxc5 Re8 10. Qd5+ Re6 11. O-O Kg7 12. f4 Qf6 13. f5 Re5 14. fxg6
Qxf1+ 15. Kxf1 Rxd5 16. exd5 Nb4 17. Na3 hxg6 18. d6 c6 19. Bd2 Nd5 20. Re1 b6
21. c3 dxc3 22. bxc3 b5 23. Nc2 Ba6 24. Nb4 Bc8 25. Nxd5 cxd5 26. Re7+ Kf6 27.
h4 Kf5 28. Kf2 Ba6 29. Kf3 g5 30. Bxg5 Rc8 31. g4+ Kg6 32. Bd2 Bb7 33. h5+ Kf6
34. Kf4 Rc4+ 35. Kg3 d4 36. cxd4 b4 37. Kh4 1-0

[Event "XX Weekend B"]
[Site "Ceriano Laghetto ITA"]
[Date "2011.04.04"]
[Round "5"]
[White "Ronconi, Fausto"]
[Black "Vuckovic, Dimitrije"]
[Result "1-0"]
[WhiteElo "1749"]
[BlackElo "1615"]
[PlyCount "57"]
[EventDate "2011.04.01"]

1. d4 Nf6 2. c4 g6 3. Nc3 Bg7 4. Nf3 O-O 5. g3 d6 6. Bg2 c5 7. O-O Nc6 8. Re1
Re8 9. e4 cxd4 10. Nxd4 Nxd4 11. Qxd4 Ng4 12. Qd2 Be6 13. b3 Qb6 14. Bb2 Nxf2
15. Kf1 Ng4 16. h3 Nh2+ 17. Ke2 Ng4 18. hxg4 Bxg4+ 19. Bf3 Bxf3+ 20. Kxf3 Qa5
21. Rh1 Rac8 22. Rh2 e6 23. Nb5 Qd8 24. Bxg7 Kxg7 25. Qh6+ Kf6 26. Qf4+ Kg7 27.
Nxd6 Re7 28. e5 Rd7 29. Qh6+ 1-0

[Event "XX Weekend B"]
[Site "Ceriano Laghetto ITA"]
[Date "2011.04.04"]
[Round "5"]
[White "Sala, Giovanni"]
[Black "Fornasir, Carlo Gustavo"]
[Result "1/2-1/2"]
[WhiteElo "1964"]
[BlackElo "1879"]
[PlyCount "71"]
[EventDate "2011.04.01"]

1. c4 Nf6 2. Nc3 c5 3. g3 g6 4. Bg2 Bg7 5. Nf3 Nc6 6. O-O d6 7. d3 O-O 8. a3
Rb8 9. Rb1 a6 10. b4 cxb4 11. axb4 b5 12. cxb5 axb5 13. Qc2 Bd7 14. e4 Rc8 15.
Qb3 Qb6 16. Be3 Qb8 17. h3 Be6 18. Nd5 h6 19. Rfc1 Qb7 20. Nxf6+ Bxf6 21. Qd1
Ba2 22. e5 dxe5 23. Ra1 Bd5 24. Bxh6 Rfd8 25. Qe1 Nd4 26. Rxc8 Rxc8 27. Nxd4
Bxg2 28. Nb3 Bxh3 29. Qe4 Qxe4 30. dxe4 g5 31. Rc1 Rxc1+ 32. Nxc1 Kh7 33. Bf8
Kg8 34. Bh6 Kh7 35. Bf8 Kg8 36. Bh6 1/2-1/2

[Event "XX Weekend B"]
[Site "Ceriano Laghetto ITA"]
[Date "2011.04.04"]
[Round "5"]
[White "Silini, Bruno"]
[Black "Pandini, Giuseppe"]
[Result "1-0"]
[WhiteElo "1661"]
[BlackElo "1753"]
[PlyCount "100"]
[EventDate "2011.04.01"]

1. Nf3 b6 2. c4 e6 3. d4 Nf6 4. Nc3 Bb7 5. e3 Bb4 6. Be2 O-O 7. O-O d5 8. Bd2
Be7 9. Qb3 Nbd7 10. c5 c6 11. Na4 Ne4 12. Rfc1 b5 13. Nc3 Nxd2 14. Nxd2 f5 15.
a4 a6 16. f4 Qc7 17. a5 Nf6 18. Qd1 Bc8 19. Nf3 Bd7 20. Ne5 Be8 21. g4 Nd7 22.
Nxd7 Bxd7 23. g5 Be8 24. Bh5 Bd8 25. Bxe8 Rxe8 26. Qh5 Qf7 27. Qxf7+ Kxf7 28.
Kf2 Rh8 29. Rg1 b4 30. Na4 Bxa5 31. Nb6 Bxb6 32. cxb6 Rhb8 33. h4 g6 34. Rh1
Rxb6 35. h5 Kg7 36. hxg6 hxg6 37. Rh6 Rh8 38. Rah1 Rxh6 39. Rxh6 a5 40. Rh1 a4
41. Ra1 Ra6 42. b3 axb3 43. Rb1 Ra2+ 44. Ke1 b2 45. Kd2 Kf7 46. Kc2 Ra3 47. Kd2
Ra2 48. Kc2 Ra3 49. Kd2 Rc3 50. Rxb2 Rc4 1-0

[Event "XX Weekend B"]
[Site "Ceriano Laghetto ITA"]
[Date "2011.04.04"]
[Round "5"]
[White "Veri', Giustino"]
[Black "Carbone, Lorenzo"]
[Result "1/2-1/2"]
[WhiteElo "1661"]
[BlackElo "1733"]
[PlyCount "102"]
[EventDate "2011.04.01"]

1. d4 d5 2. Nf3 e6 3. c4 Nf6 4. Nc3 Be7 5. Bg5 O-O 6. e3 b6 7. cxd5 exd5 8. Bd3
h6 9. Bh4 Bb7 10. O-O Nbd7 11. Rc1 c5 12. b3 Ne4 13. Bxe4 dxe4 14. Bxe7 Qxe7
15. Nd2 cxd4 16. exd4 e3 17. Qe2 exf2+ 18. Qxf2 Nf6 19. h3 Rac8 20. Rfe1 Qb4
21. Ncb1 Qd6 22. Nc4 Qc6 23. Nbd2 Nh5 24. d5 Qg6 25. Ne5 Qg5 26. Nc6 Bxc6 27.
dxc6 Nf4 28. Qf3 Qf6 29. c7 Qd4+ 30. Qe3 Qxe3+ 31. Rxe3 Nd5 32. Re4 Rxc7 33.
Rxc7 Nxc7 34. Re7 Rc8 35. Nc4 Nb5 36. a4 Nd4 37. Rxa7 Nxb3 38. Nxb6 Rc1+ 39.
Kf2 Ra1 40. Ra8+ Kh7 41. Nc4 Nc5 42. a5 Kg6 43. Rc8 Nd3+ 44. Ke3 Nb4 45. Rb8
Ra4 46. Rb7 Nc6 47. Nd6 Rxa5 48. Nxf7 Kf6 49. Nd6 Re5+ 50. Ne4+ Kg6 51. Rb6 Kf5
1/2-1/2